000 00468nam a2200157 i 4500
001 38002
003 ES-MaACL
005 20230906155658.0
007 t|
008 030224s1963 cu ||||1| gao d
100 1 _aCabanillas, Ramón.
_933146
245 1 0 _aNo desterro
_b: visious gallegas /
_cRamón Cabanillas.
260 _aHabana :
_b[s.n.,
_c1963] (
_fImp. La Universal)
300 _a188 p. ;
_c22 cm.
852 _aES-MaACL
_jG-2684
999 _c38002
_d38002